Southville International School and Colleges
Your cart is empty.
  • Cart
  • Lists
    Public lists Eva Luna New books Lux_list list_1
    Your lists Log in to create your own lists
  • Log in to your account
  • Your cookies
  • Search history
Southville International School and Colleges
  • Advanced search
  • Recent comments
  • Most popular
  • Libraries

Log in to your account

Log in with GOOGLE


If you do not have an external account, but do have a local account, you can still log in:

  1. Home
  2. MARC view: Tourism and hospitality in 21st century /
Normal view MARC view ISBD view

Tourism and hospitality in 21st century / (Record no. 25511)

[ view plain ]
MARC details
000 -LEADER
fixed length control field 00654nam a2200205 a 4500
003 - CONTROL NUMBER IDENTIFIER
control field PILC
005 - DATE AND TIME OF LATEST TRANSACTION
control field 20160226082645.0
008 - FIXED-LENGTH DATA ELEMENTS--GENERAL INFORMATION
fixed length control field 120910s19uu xx 00 eng d
020 ## - INTERNATIONAL STANDARD BOOK NUMBER
International Standard Book Number 8171417205
050 ## - LIBRARY OF CONGRESS CALL NUMBER
Classification number G 155.A1
Item number .T727 2010
245 ## - TITLE STATEMENT
Title Tourism and hospitality in 21st century /
Statement of responsibility, etc editors, Mukesh Ranga & Ashish Chandra.
260 ## - PUBLICATION, DISTRIBUTION, ETC. (IMPRINT)
Place of publication, distribution, etc New Delhi, India :
Name of publisher, distributor, etc Discovery Publishing House,
Date of publication, distribution, etc 2010.
300 ## - PHYSICAL DESCRIPTION
Extent 399 pages :
Dimensions 22 cm.
Other physical details illustrations ;
500 ## - GENERAL NOTE
General note Includes bibliographic references.
650 ## - SUBJECT ADDED ENTRY--TOPICAL TERM
Topical term or geographic name as entry element Hospitality industry
General subdivision India.
650 ## - SUBJECT ADDED ENTRY--TOPICAL TERM
Topical term or geographic name as entry element Tourism
General subdivision India.
700 ## - ADDED ENTRY--PERSONAL NAME
Personal name Chandra, Ashish.
942 ## - ADDED ENTRY ELEMENTS (KOHA)
Koha item type Books
Source of classification or shelving scheme Library of Congress Classification
Call number prefix Foreign
Holdings
Withdrawn status Lost status Source of classification or shelving scheme Damaged status Home library Current library Shelving location Date acquired Source of acquisition Cost, normal purchase price Total Checkouts Full call number Barcode Date last seen Copy number Price effective from Koha item type
    Library of Congress Classification   College Library College Library General Circulation Section 09/10/2012 Library Fund 1300.00   G 155.A1 .T727 2010 C15640 05/15/2018 1 10/18/2013 Books

Tourism and hospitality in 21st century /

APA

Chandra A., . (2010). Tourism and hospitality in 21st century. New Delhi, India: Discovery Publishing House.

Chicago

Chandra Ashish, . 2010. Tourism and hospitality in 21st century. New Delhi, India: Discovery Publishing House.

Harvard

Chandra A., . (2010). Tourism and hospitality in 21st century. New Delhi, India: Discovery Publishing House.

MLA

Chandra Ashish, . Tourism and hospitality in 21st century. New Delhi, India: Discovery Publishing House. 2010.

  • Place hold
  • Print
  • Cite
  • Add to your cart (remove)
  • Save record
    BIBTEX Dublin Core MARCXML MARC (non-Unicode/MARC-8) MARC (Unicode/UTF-8) MARC (Unicode/UTF-8, Standard) MODS (XML) RIS
  • More searches
    Search for this title in:
    Other Libraries (WorldCat) Other Databases (Google Scholar) Online Stores (Bookfinder.com) Open Library (openlibrary.org)

Exporting to Dublin Core...

SOUTHVILLE LIBRARY

Southville International School and Colleges Library

1281 Tropical Ave. Cor. Luxembourg St., BF Homes International, Las Pinas City

Tel. No. 8256374 / 252358 Loc. 117/146

Powered by Koha